01047naa#a2200181#i#4500001001600000005001700016011001400033100004100047102000700088200026100095210020500356215001000561608004500571675010700616700006000723700005200783856003000835RU\\bibl\11636220260430011912.4##a1994-4683##a20260429b2026####ek#y0rusy0150####ca##aRU1#aКорреляция функциональных показателей с соревновательным результатом в беге на 800 метров у девушек-легкоатлеток 12-14 летeЖурнальная статья1#aМоскваcНациональный государственный Университет физической культуры, спорта и здоровья им. П.Ф. Лесгафтаd2026##a7 с.##aЖурнальная статья2local##aБег на средние дистанции (от 1000 до 10000 м), например,. 796.422.14#1aМалышеваgКристина Дмитриевна#1aВорошинgИгорь Николаевич4#auchzapiski.lesgaft.spb.ru